| 000 | 00989nam a2200229Ii 4500 | ||
|---|---|---|---|
| 003 | JO-AjNU | ||
| 008 | 230605s9999||||xx |||||||||||||| ||und|| | ||
| 017 | _a16763 | ||
| 020 | _a978-977-6253-45-6 | ||
| 040 |
_aJO-AjNU _bara _erda _cJO-AjNU |
||
| 041 | _aara | ||
| 050 | 1 | 4 | _aKZ6312.L87.2011 |
| 100 | 3 |
_aعبدالفتاح، محمد لطفى, _eauthor _934313 |
|
| 245 | 0 | 0 | _aآليات الملاحقة في نطاق القانون الجنائي الدولي الإنساني : دراسة مقارنة |
| 264 | 3 | 1 | _aالمنصورة : دار الفكر والقانون ، 2011 |
| 300 |
_a456ص _bيشتمل على مراجع ببلوغرافية ص ( 436-448) |
||
| 336 |
_atext _btxt _2rdacontent |
||
| 337 |
_aunmediated _bn _2rdamedia |
||
| 338 |
_avolume _bnc _2rdacarrier |
||
| 490 | 0 | _aسلسلة الرسائل العلمية (رسالة ماجستير) | |
| 650 | 4 |
_aقانون دولي جنائي -- جرائم ضد الانسانية -- قانون مقارن _934314 |
|
| 999 |
_aA14054 _c17622 _d17622 |
||